000 01301nam a22002537a 4500
001 74344
003 BD-RjUL
005 20211209082535.0
008 180722b ||||| |||| 00| 0 eng d
020 _a9789843322786
_cTk.60.00
035 _a(BD-RjUL)74562
040 _aBD-RjUL
_beng
_cBD-RjUL
041 _aben
082 _223
_a297
_bHUJ 2010
100 1 _aহুদা, সাইয়্যেদ হামিদ আলামুল
_9221835
245 1 0 _aজীবজন্তু /
_cসাইয়্যেদ হামিদ আলামুল হুদা ; অনুবাদ , মোঃ মাঈনউদ্দিন ; সম্পাদনা , আব্দুল কুদ্দুস বাদশা
260 _aঢাকা ঃ
_bকালচারাল কাউন্সেল ,
_c২০১০
300 _a৩২ পৃ. ঃ
_bচিত্র ;
_c২২ সেমি.
490 _aকিশোর সিরিজ : কোরানের সাথে ;
650 _aশিশুদের ইসলামিক ধর্মীয় শিক্ষা
_vকিশোর সাহিত্য |
_9192546
650 _a Islamic religious education of children
_vJuvenile literature
_9221836
700 _aমাঈনউদ্দিন, মোঃ
_9221825
942 _2ddc
_cBK
999 _c74344
_d74344